00349nam a2200121Ia 4500008004100000100002000041245010100061260001200162260001100174260000900185300000700194650002600201160109s9999 xx 000 0 und d10aFernando,W.S.M. aIsolation of Major Metabolite eorin from Lichen Heteroderma & Testing Its Biological Avtivities. aColombo bIchemc c2014 a37 aBiological Activities